ព្រះនាងស្បែកលា : (Record no. 8985)

MARC details
000 -LEADER
fixed length control field 03635nam a22003137a 4500
001 - CONTROL NUMBER
control field 8985
003 - CONTROL NUMBER IDENTIFIER
control field FISKH
005 - DATE AND TIME OF LATEST TRANSACTION
control field 20251112152301.0
008 - FIXED-LENGTH DATA ELEMENTS--GENERAL INFORMATION
fixed length control field 251112b cb ||||| |||| 00| 0 eng d
020 ## - INTERNATIONAL STANDARD BOOK NUMBER
International Standard Book Number 9789995088941
040 ## - CATALOGING SOURCE
Original cataloging agency FISKH
Language of cataloging khr
Transcribing agency FISKH
Modifying agency FISKH
050 ## - LIBRARY OF CONGRESS CALL NUMBER
Classification number PZ7
082 ## - DEWEY DECIMAL CLASSIFICATION NUMBER
Classification number 895.922
100 ## - MAIN ENTRY--PERSONAL NAME
Personal name Kimsun, Sotheary
245 ## - TITLE STATEMENT
Title ព្រះនាងស្បែកលា :
Remainder of title Preah Neang Sbek Lea ( Donkey-skin Princess ) /
Statement of responsibility, etc. រៀបរៀងដោយ គឹមស៊ុន សុធារី​
260 ## - PUBLICATION, DISTRIBUTION, ETC.
Place of publication, distribution, etc. Phnom Penh :
Name of publisher, distributor, etc. Reading Books ,
Date of publication, distribution, etc. 2008.
300 ## - PHYSICAL DESCRIPTION
Extent 24 pages :
Other physical details color illustrations ;
Dimensions 25 cm .
490 ## - SERIES STATEMENT
Series statement ពិភពរឿងនិទាន
505 ## - FORMATTED CONTENTS NOTE
Formatted contents note P <br/>
520 ## - SUMMARY, ETC.
Summary, etc. មានព្រះមហាក្សត្រម្ចាស់មួយអង្គ ដែលមានមហេសីដ៏ស្រស់ស្អាត។ក្រោយមក មហេសីនោះបានសោយទិវង្គត។ ព្រះមហាក្សត្រប្រាថ្នាចង់រៀបការជាមួយព្រះកូនស្រីរបស់ព្រះអង្គឯង។ ព្រះនាងមានអារម្មណ៍មិនសប្បាយចិត្តយ៉ាងខ្លាំង ហើយបានសូមឲ្យព្រះបិតាសម្លាប់លា ហើយឲ្យស្បែករបស់វា ដោយព្រះនាងដឹងថា ព្រះបិតារបស់ព្រះនាងស្រលាញ់សត្វនោះណាស់។ ដោយសារតែអារម្មណ៍ស្រលាញ់ព្រះកូនស្រីពេក ព្រះអង្គបានសម្លាប់សត្វលានោះ។<br/>មីង របស់ព្រះនាង បានផ្តល់ដំបូន្មានឲ្យព្រះនាងរត់គេចចេញពីនគរ ដើម្បីជៀសវាងការរៀបការដែលព្រះអង្គមិនចង់បាន។ ព្រះនាងបានស្លៀកពាក់សម្លៀកបំពាក់ចាស់ៗ ហើយគ្របខ្លួនដោយស្បែកលា។ ព្រះនាងបានទៅធ្វើការនៅកសិដ្ឋានមួយ ដែលជាកម្មសិទ្ធិរបស់ព្រះអង្គម្ចាស់មួយទៀត។ ចុងក្រោយ ព្រះអង្គម្ចាស់នោះ និងព្រះនាងកញ្ញា បានរៀបការនឹងគ្នាក្នុងពេលនោះទៅ ។​
520 ## - SUMMARY, ETC.
Summary, etc. There was once a king who had a beautiful queen. Not long after, the king passed away. The new king then wished to marry his own daughter. The princess was deeply unhappy about this and asked her father to kill a deer and give her its skin, knowing how much he loved that animal. Blinded by his obsession, the king killed the deer.<br/>The princess’s aunt advised her to flee the kingdom to avoid the forced marriage. She disguised herself in old clothes and covered herself with the deer’s skin. She went to work at a farm that belonged to another prince. Eventually, the prince and the princess were married.
521 8# - TARGET AUDIENCE NOTE
Target audience note 650 <br/>
Source Lexile estimate <br/>
521 8# - TARGET AUDIENCE NOTE
Target audience note P <br/>
Source Raz-Plus <br/>
650 ## - SUBJECT ADDED ENTRY--TOPICAL TERM
Topical term or geographic name entry element ព្រះនាងស្បែកលា​
Form subdivision រឿងនិទានកុមារ
650 ## - SUBJECT ADDED ENTRY--TOPICAL TERM
Topical term or geographic name entry element Donkey-skin Princess
Form subdivision Children's Stories
700 ## - ADDED ENTRY--PERSONAL NAME
Personal name B, Khara
Relator term Illustrator
942 ## - ADDED ENTRY ELEMENTS (KOHA)
Source of classification or shelving scheme Dewey Decimal Classification
Koha item type Khmer Books
Suppress in OPAC No
Holdings
Withdrawn status Lost status Source of classification or shelving scheme Damaged status Not for loan Collection Home library Current library Shelving location Date acquired Total Checkouts Full call number Barcode Date last seen Date last checked out Copy number Price effective from Koha item type
    Dewey Decimal Classification     Khmer-English Bilingual / ភាសាខ្មែរ-អង់គ្លេស Footprints International School Library Network Toul Tom Poung Campus Footprints International School Library Network Toul Tom Poung Campus TTP Primary Khmer Bookshelves 11/12/2025 1 SOT PZ7 895.922 FIS03576 03/31/2026 03/02/2026 1 11/12/2025 Khmer Books
    Dewey Decimal Classification     Khmer-English Bilingual / ភាសាខ្មែរ-អង់គ្លេស Footprints International School Library Network Toul Tom Poung Campus Footprints International School Library Network Toul Tom Poung Campus TTP Primary Khmer Bookshelves 11/12/2025   SOT PZ7 895.922 FIS04215 11/12/2025   2 11/12/2025 Khmer Books